Vegetable growing (Record no. 17966)

MARC details
000 -LEADER
fixed length control field 00424nam a22001697a 4500
003 - CONTROL NUMBER IDENTIFIER
control field OSt
005 - DATE AND TIME OF LATEST TRANSACTION
control field 20211112142434.0
008 - FIXED-LENGTH DATA ELEMENTS--GENERAL INFORMATION
fixed length control field 211112b |||||||| |||| 00| 0 eng d
020 ## - INTERNATIONAL STANDARD BOOK NUMBER
International Standard Book Number 0 7071 0014 3
040 ## - CATALOGING SOURCE
Transcribing agency Hawassa University
050 ## - LIBRARY OF CONGRESS CALL NUMBER
Classification number 635/LOA
Item number 2
082 ## - DEWEY DECIMAL CLASSIFICATION NUMBER
Classification number 635/LOA
Item number 2
100 ## - MAIN ENTRY--PERSONAL NAME
Personal name Loads Fred W.
9 (RLIN) 18129
245 ## - TITLE STATEMENT
Title Vegetable growing
260 ## - PUBLICATION, DISTRIBUTION, ETC.
Place of publication, distribution, etc. London
Name of publisher, distributor, etc. John Gifford Ltd
Date of publication, distribution, etc. 1959
942 ## - ADDED ENTRY ELEMENTS (KOHA)
Source of classification or shelving scheme Dewey Decimal Classification
Koha item type Books like text book referance book
Suppress in OPAC No
Holdings
Withdrawn status Lost status Source of classification or shelving scheme Damaged status Not for loan Home library Current library Date acquired Total Checkouts Full call number Barcode Date last seen Copy number Price effective from Koha item type
    Dewey Decimal Classification     College of Agriculture Library College of Agriculture Library 11/12/2021   635/LOA ALIB0012278 11/12/2021 1 11/12/2021 Books like text book referance book
    Dewey Decimal Classification     College of Agriculture Library College of Agriculture Library 11/12/2021   635/LOA ALIB0012279 11/12/2021 2 11/12/2021 Books like text book referance book